Homosexualita, společnost a AIDS v ČR /

I tiakina i:
Ngā taipitopito rārangi puna kōrero
Ētahi atu kaituhi: Stehlikova, Dzamila, Procházka, Ivo, Hromada, Jiri
Hōputu: Pukapuka
Reo:Tieke
I whakaputaina: Praha : SOHO, 1995
Ngā Tūtohu: Tāpirihia he Tūtohu
Kāore He Tūtohu, Me noho koe te mea tuatahi ki te tūtohu i tēnei pūkete!

MARC

LEADER 00000nam a22000007i 4500
001 IT\ICCU\UBO\4026974
003 ItRI
005 20260115232404.0
008 130731s1995 xr |||||| ||||| |||||c
040 |b ita  |c importazione bologna sebina 
041 7 |a cze  |2 ISO-639-2 
245 0 0 |a Homosexualita, společnost a AIDS v ČR /  |c Džamila Stehlíková ; Ivo Procházka ; Jiří Hromada. 
260 |a Praha :  |b SOHO,  |c 1995 
300 |a 140 p. :  |b ill. ;  |c 30 cm 
700 1 |a Stehlikova, Dzamila  |0 IT\ICCU\UBOV\358580 
700 1 |a Procházka, Ivo  |0 IT\ICCU\UBOV\358581 
700 1 |a Hromada, Jiri  |0 IT\ICCU\UBOV\358582 
942 |2 ddc  |c BK  |n 0 
952 |0 0  |1 0  |4 0  |6 A_616_979000000000000_STE  |7 0  |9 25249  |a BO  |b BO  |d 2026-01-15  |i 16624  |l 0  |o A 616.979 STE  |p BO16624  |r 2026-01-15 23:24:04  |w 2026-01-15  |x [Sebina 5] [1 v.]  |y BK  |z 1 v. 
999 |c 21453  |d 21453